000 00956 a2200253 4500
999 _c4542
_d4542
020 _a067940337X :
050 0 0 _aHQ1421 ABU 1992
100 1 _aAburdene, Patricia.
245 1 0 _aMegatrends for women /
_cPatricia Aburdene and John Naisbitt.
250 _a1st ed.
264 _aNew York:
_bWillard Books,
_c1992
300 _axxiv, 388 p. ;
500 _aIncludes index
504 _aIncludes bibliographical references (p. 327-370) and index.
650 0 _aWomen
_xSocial conditions
_xForecasting.
650 0 _aWomen
_xEconomic conditions
_xForecasting.
650 0 _aSocial prediction
650 0 _aEconomic forecasting
650 0 _aTwenty-first century
_xForecasts.
700 1 _aNaisbitt, John.
856 4 2 _3Publisher description
_uhttp://www.loc.gov/catdir/description/random0412/92000431.html
942 _2lcc
_cBK
_h1421
_iABU
_kHQ